| 000 | 01270cam a22003011i 4500 | ||
|---|---|---|---|
| 003 | SA-RiAUC | ||
| 005 | 20250313121624.0 | ||
| 008 | 250304s2002 sy g 000 0 ara c | ||
| 040 |
_aEG-CaDAJ _bara _cSA-RiAUC _erda |
||
| 041 | 1 |
_aara _hund |
|
| 043 | _an-us--- | ||
| 082 | 0 | 4 | _a303.625 |
| 090 |
_a303.625 _bم ي س |
||
| 100 | 1 |
_aميسان، تييري، _d1957- _eمؤلف. |
|
| 245 | 1 | 2 |
_aالخديعة المرعبة : _b11 أيلول 2001 م : لم تصطدم أي طائرة بمبنى البنتاجون / _cتيري ميسان ؛ ترجمة سوزان قازان، مايا سلمان. |
| 246 | 3 |
_aالخديعة المرعبة : _bأحد عشر أيلول 2001 م : لم تصطدم أي طائرة بمبنى البنتاجون |
|
| 250 | _aالطبعة الأولى. | ||
| 264 | 1 |
_a[دمشق] : _bدار كنعان للدراسات والنشر، _c2002 |
|
| 300 | _a218 صفحة | ||
| 336 |
_aنص _btxt _2rdacontent _3كتاب |
||
| 337 |
_aبدون وسيط _bn _2rdamedia |
||
| 338 |
_aمجلد _bnc _2rdacarrier |
||
| 650 | 7 |
_aأحداث 11 سبتمبر، 2001 _2aucsh |
|
| 700 | 1 |
_aقازان، سوزان _eمترجم. |
|
| 700 | 1 |
_aسلمان، مايا _eمترجم. |
|
| 942 |
_2ddc _cBOOK _n0 |
||
| 949 |
_aSA-JeALM _d250304 _umohamedma123 _n1 |
||
| 999 |
_c6394 _d6394 |
||